01213nam a2200217 i 4500001000700000003000900007005001700016008004100033080002500074100003800099245015600137260006300293300003200356490017800388700004300566710007800609830011300687852005300800999001900853952012300872170629ES-MaACL20250824072843.0090325s1934 ag |||| | spa d a821.134.2 (82)-2"18"1 aSojo, Eduardo,d1849-1908910702810aDon Quijote en Buenos Aires b: revista bufo política de circunstancias, en un acto / cpor Eduardo Sojo ; [noticia de María Sara Pinto Alvárez]. aBuenos Aires : b[s.n.], c1934 (fImp. de la Universidad) a3 h., p. 170-228 ; c23 cm.1 aSección de documentos. Primera serie. T. V: Teatro político / Facultad de Filosofía y Letras de la Universidad de Buenos Aires, Instituto de Literatura Argentina ; v31 aPinto Alvárez, María Sara.91522342 aUniversidad de Buenos Aires. bInstituto de Literatura Argentina.913961400aSección de documentos. pPrimera serie. pTeatro político (Instituto de Literatura Argentina)v39188960 aES-MaACLjC-6631(3) z- Enc. en un vol. facticio c170629d170629 00104070aATENEOMbATENEOMcSPALd2009-03-25eSCl0oC-6631(3)p1179065r2023-02-23 00:00:00w2023-02-23yMONOGRAFIA